Cultura y misterio

שמור ב:
מידע ביבליוגרפי
מחבר ראשי: Daniélou, Jean (Author)
פורמט: ספר
שפה:ספרדית
יצא לאור: Barcelona Estela 1963
סדרה:Epifanía, 5
נושאים:
תגים: הוספת תג
אין תגיות, היה/י הראשונ/ה לתייג את הרשומה!

MARC

LEADER 00000nam a2200000 a 4500
001 UCL3941
003 CL-VaPUC
008 031219e19630400SP |||||||||||||||||spa|d
082 0 4 |a 230.01  |b DAN  |2 21 
100 0 |a Daniélou, Jean  |e author  |9 481377 
245 1 0 |a Cultura y misterio 
300 |a 70 p 
942 |c BK 
945 |d 20031219 00:00:00  |a vberengu 
260 |a Barcelona  |b Estela  |c 1963 
650 0 |a Teología cristiana  |9 308336 
650 0 |a Cristianismo  |9 257361 
583 |a last modification  |c 20031219 00:00:00  |k Rodrigo Vera 
490 0 |a Epifanía, 5 
999 |c 306905  |d 306903 
952 |0 0  |1 2  |4 0  |6 230_010000000000000_DAN_1963  |7 0  |8 A  |9 372332  |a BIBTEO  |b BIBTEO  |d 2019-11-21  |i 2097761  |o 230.01 DAN 1963  |p 2097761  |r 2019-11-21  |w 2019-11-21  |x Descarte 2019  |y BK  |k ICR